El criterio administrativo sobre el objeto social (Registro nro. 27722)

Detalles MARC
000 -LEADER
fixed length control field 00339 a2200109 4500
001 - CONTROL NUMBER
control field ART_19237
005 - DATE AND TIME OF LATEST TRANSACTION
control field 20260410161921.0
008 - FIXED-LENGTH DATA ELEMENTS--GENERAL INFORMATION
fixed length control field 260409a
100 1# - MAIN ENTRY--PERSONAL NAME
Personal name Mascheroni, Fernando H.
245 10 - TITLE STATEMENT
Title El criterio administrativo sobre el objeto social
773 0# - HOST ITEM ENTRY
Title La información
Related parts - Tomo XL, Nº 596 (ago. 1979)
Record control number REV14902

No hay ítems disponibles.